[Event "Cappelle op"]
[Site "Cappelle la Grande"]
[Date "1994.??.??"]
[Round "8"]
[White "Roeder, Mathias"]
[Black "Loiret, S."]
[Result "1/2-1/2"]
[WhiteElo "2435"]
[BlackElo "2260"]

1.d4 d5 2.c4 Nc6 3.g3 dxc4 4.Nf3 e5 5.d5 Nb4 6.Nc3 Bf5 7.e4 Bg4 8.Bxc4 Bxf3
9.Qxf3 Nc2+ 10.Kf1 Bd6 11.Bb5+ Kf8 12.Rb1 Ne7 13.Kg2 Nd4 14.Qd3 h5 15.Be3 Nxb5
16.Nxb5 h4 17.h3 Nc8 18.Rbc1 hxg3 19.fxg3 a6 20.Nc3 Kg8 21.Rc2 g6 22.Rf2 Bf8
23.Rhf1 Nd6 24.h4 Qe8 25.Bc5 Rd8 26.Nb1 Rh7 27.Nd2 Bh6 28.Nf3 f5 29.Bxd6 cxd6
30.Nh2 f4 31.g4 Rc8 32.Rc2 Rhc7 33.Rff2 Qa4 34.b3 Qb4 35.Rxc7 Rxc7 36.Rc2 Rxc2+
37.Qxc2 Qe1 38.h5 Qg3+ 39.Kf1 Qh3+ 40.Qg2 Qd3+ 41.Qe2 Qh3+ 42.Kg1 Qg3+ 43.Kh1 Kg7
44.hxg6 Kxg6 45.Nf3 Qh3+ 46.Kg1 Qxg4+ 47.Qg2 Qxg2+ 48.Kxg2 Bg5 49.Nd2 Bd8
50.Nc4 Bc7 51.a4 a5 52.Kf3 Kf6 53.Kg4 Ke7 54.Nb2 Kd7 55.Nd3 Bb6 56.Nb2 Bd4
57.Nd3 Bc3 58.Nc1 Kc7 59.Nd3 b5 60.Kf3 bxa4 61.bxa4 Bb4 62.Kg4 Kd7 63.Nc1 Bc3
64.Nd3 Ke7 65.Nc1 Bd2 66.Nb3 Bc3  1/2-1/2

[Event "Casablanca"]
[Site "Casablanca"]
[Date "1994.??.??"]
[Round "8"]
[White "Efimov, Igor"]
[Black "Mellado Trivino, Juan"]
[Result "1-0"]
[WhiteElo "2465"]
[BlackElo "2395"]

1.d4 d5 2.c4 Nc6 3.e3 e5 4.cxd5 Qxd5 5.Nc3 Bb4 6.Bd2 Bxc3 7.bxc3 Nf6 8.c4 Qd6
9.d5 Ne7 10.Qa4+ Bd7 11.Qb3 Ne4 12.Bb4 c5 13.dxc6 Qxc6 14.Nf3 Ng6 15.Be2 O-O-O
16.O-O h5 17.c5 Be6 18.Qb2 Bd5 19.Ba5 Rde8 20.Bb5 Qf6 21.c6 b6 22.Rfd1 Rd8
23.Ba6+ Kc7 24.Rab1 Rb8 25.Rxd5 bxa5 26.Rd7+  1-0

[Event "Chicago op"]
[Site "Chicago"]
[Date "1994.??.??"]
[Round "4"]
[White "Umezinwa, George"]
[Black "Formanek, Edward W"]
[Result "1/2-1/2"]
[WhiteElo "2300"]
[BlackElo "2320"]

1.d4 d5 2.c4 Nc6 3.Nf3 Bg4 4.e3 Nf6 5.Nc3 e6 6.cxd5 exd5 7.Be2 Bd6 8.a3 O-O
9.h3 Bc8 10.Bd3 Re8 11.Qc2 g6 12.Bd2 Nb8 13.Nb5 a6 14.Nxd6 cxd6 15.Qb3 Nc6
16.Rc1 Qe7 17.O-O Be6 18.Nh2 Nh5 19.f4 Ng3 20.Rf3 Ne4 21.Be1 f5 22.Rf1 Qf7
23.Nf3 h6 24.Qb6 Rec8 25.Bh4 Qd7 26.Rc2 Ne7 27.Rfc1 Rxc2 28.Rxc2 Rc8 29.Rxc8+ Nxc8
30.Qa5 Ne7 31.Qb6 Nc8 32.Qa5 Ne7 33.Bc2 Kf7 34.Bb3 Nc6 35.Qb6 Ne7 36.Bc2 Ke8
37.Bd3 Qc6 38.Qb3 Kf7 39.Kh2 Nc8 40.Qc2 Qxc2 41.Bxc2 Nb6 42.b3 Ke8 43.Kg1 Nc8
44.Be1 Na7 45.Bb4 Nc6 46.Be1 a5 47.Bd3 b6 48.Bb5 Bd7 49.Kf1 Nb8 50.Bd3 Bc8
51.Bb5+ Bd7 52.Bd3 Bc8  1/2-1/2

[Event "DEN-chT9394"]
[Site "DEN"]
[Date "1994.??.??"]
[Round "5"]
[White "Josephsen, Niels"]
[Black "Brautsch, Soren"]
[Result "1-0"]
[WhiteElo "2250"]
[BlackElo "2245"]

1.d4 d5 2.c4 Nc6 3.Nf3 Bg4 4.cxd5 Bxf3 5.dxc6 Bxc6 6.Nc3 e6 7.e4 Bb4 8.f3 Ne7
9.Be3 O-O 10.Bd3 Ng6 11.Qb3 Bc5 12.Ne2 Bb6 13.O-O-O e5 14.Bc2 Qe7 15.d5 Ba4
16.Qxa4 Bxe3+ 17.Kb1 Rfb8 18.Ng3 b5 19.Qb3 Bc5 20.Nf5 Qf6 21.h4 a5 22.Bd3 a4
23.Qc2 Bd6 24.g4 b4 25.Qf2 Nf8 26.g5 Qd8 27.h5 g6 28.hxg6 fxg6 29.Nh6+ Kg7
30.f4 Nd7 31.Ng4 Qe7 32.Qh2 Rh8 33.Qh6+ Kg8 34.Bb5 Qf8 35.Bxd7  1-0

[Event "Formia op"]
[Site "Formia"]
[Date "1994.??.??"]
[Round "2"]
[White "Kharkova, Elena"]
[Black "Sulava, Nenad"]
[Result "1/2-1/2"]
[WhiteElo "2195"]
[BlackElo "2400"]

1.d4 d5 2.c4 Nc6 3.e3 e5 4.Nf3 exd4 5.exd4 Nf6 6.Be2 Bb4+ 7.Nc3 O-O 8.O-O dxc4
9.Bxc4 Bg4 10.Be3 Qd7 11.Ne2 Bxf3 12.gxf3 Bd6 13.Rc1 Qh3 14.Ng3 Rad8 15.Rc3 Ne7
16.Bg5 Ned5 17.Rb3 Nf4 18.Bxf4 Bxf4 19.Rxb7 h5 20.Qd3 Nh7 21.Qf5 Qh4 22.Re1 Ng5
23.Kg2 Rxd4 24.b3 Bd6 25.Rb5 c5 26.Re4 Nxe4 27.fxe4 Qe7 28.Bd5 h4 29.Rb7 Bc7
30.Nh5 Qd6 31.Rxc7 Rxd5 32.exd5 Qxc7 33.Nf6+ gxf6 34.Qg4+  1/2-1/2

[Event "Oberliga Nord N9394"]
[Site "Germany"]
[Date "1994.??.??"]
[Round "?"]
[White "Lukacs, Peter"]
[Black "Menzel, Ralf"]
[Result "1-0"]
[WhiteElo "2485"]
[BlackElo "2245"]

1.d4 d5 2.c4 Nc6 3.Nc3 dxc4 4.Nf3 Nf6 5.d5 Nb8 6.e4 e6 7.Bxc4 exd5 8.exd5 Be7
9.O-O O-O 10.h3 c6 11.a3 cxd5 12.Nxd5 Nxd5 13.Bxd5 Nc6 14.b4 Bf6 15.Ra2 a5
16.Rd2 Qb6 17.Bb2 axb4 18.Bxf6 gxf6 19.Bxc6 bxc6 20.axb4 Qxb4 21.Qc1 c5 22.Rc2 Be6
23.Rxc5 Rfc8 24.Rxc8+ Rxc8 25.Qh6 Qf8 26.Qxf6 Qg7 27.Qxg7+ Kxg7 28.Rd1 Kf6
29.Rd2 Ra8 30.Kh2 Ra2 31.Rxa2 Bxa2 32.Kg3 Bb3 33.Kf4 Ba2 34.Nd2 Bd5 35.g3 Be6
36.h4 Ba2 37.Ne4+ Kg6 38.Ke5 Bb3 39.Nf6 Kg7 40.f4 Bd1 41.f5 Be2 42.Nd5 Bd1
43.f6+ Kf8 44.Ne3 Be2 45.Nf5 Bd1 46.Kf4 Bc2 47.Ng7 Bd3 48.Ke5 Bc2 49.Kd6 Bd3
50.Kc7 Bc2 51.Kd8 Bd3 52.Ne8 Be2 53.Nd6 Bd1 54.Nc4 Bb3 55.Ne5 Be6 56.Nd7+ Kg8
57.Ke7 h5 58.Nc5 Ba2 59.Nd3 Bb3 60.Nf4 Bd1 61.Nh3 Be2 62.Ng5 Bc4 63.Kd6 Kf8
64.Ke5 Ke8 65.Nh3 Be6 66.Nf2 Bc4 67.Kf4 Be2 68.Kg5 Kd7 69.Nh3 Bd1 70.Nf4  1-0

[Event "NRW-Liga II 9394"]
[Site "Germany"]
[Date "1994.??.??"]
[Round "?"]
[White "Bayer, Ernst Wolfgang"]
[Black "Thiel, Thomas"]
[Result "1-0"]
[WhiteElo "2295"]
[BlackElo "2295"]

1.d4 d5 2.c4 Nc6 3.Nf3 Bg4 4.cxd5 Bxf3 5.dxc6 Bxc6 6.Nc3 e6 7.e4 Bb4 8.f3 Qh4+
9.g3 Qf6 10.Be3 O-O-O 11.Qe2 h5 12.O-O-O Ne7 13.Bh3 Kb8 14.Rhf1 Qg6 15.Qc4 Bxc3
16.bxc3 f5 17.d5 exd5 18.Qc5 Nc8 19.exf5 Qf6 20.Bd4 Qh6+ 21.Be3 Qf6 22.Rfe1 b6
23.Qd4 Qd6 24.Kb2 Qd7 25.Bf4 Bb5 26.Re6 Bc4 27.Rd2 Ka8 28.Bg2 Rhe8 29.Bg5 Rxe6
30.fxe6 Qb5+ 31.Kc1 Re8 32.f4 Rxe6 33.Bxd5+ Bxd5 34.Qxd5+ Qxd5 35.Rxd5 Kb7
36.Rd7 g6 37.Bd8 Rc6 38.Kc2 Nd6 39.Bxc7 Nc4 40.Be5+  1-0

[Event "Graz-ch"]
[Site "Graz"]
[Date "1994.??.??"]
[Round "7"]
[White "Raffalt, Manfred"]
[Black "Stuhlik, Marko"]
[Result "1-0"]
[WhiteElo "2225"]
[BlackElo "2170"]

1.d4 d5 2.c4 Nc6 3.Nf3 Bg4 4.e3 e5 5.Be2 exd4 6.O-O dxc4 7.exd4 Bd6 8.Bxc4 Qf6
9.Bg5 Qf5 10.Nbd2 f6 11.Re1+ Nge7 12.Qb3 fxg5 13.Qxb7 Kd7 14.d5 Nxd5 15.Bb5 Nb4
16.Nd4 Qd5 17.Nxc6 Nxc6 18.Rac1 Bc5 19.Ne4 Rhe8 20.Rxc5 Qd2 21.Qxc6+  1-0

[Event "GRE-ch"]
[Site "?"]
[Date "1994.??.??"]
[Round "4"]
[White "Skalkotas, Nikolaos"]
[Black "Kourkounakis, Ilias"]
[Result "0-1"]
[WhiteElo "2325"]
[BlackElo "2405"]

1.d4 d5 2.c4 Nc6 3.Nf3 Bg4 4.cxd5 Bxf3 5.gxf3 Qxd5 6.e3 e5 7.Nc3 Bb4 8.Bd2 Bxc3
9.bxc3 exd4 10.cxd4 Nge7 11.Qb3 Qxf3 12.Rg1 O-O 13.Bg2 Qh5 14.Rc1 Qxh2 15.Kf1 Qd6
16.Rc5 Rad8 17.Be4 Qe6 18.Qb1 f5 19.Bc2 b6 20.Bb3 Nd5 21.Rc2 Rd7 22.Qc1 Nce7
23.Bb4 Rf7 24.Ba3 Kh8 25.Ba4 Rd8 26.Bb3 f4 27.e4 Qxe4 28.Re2 Qd3 29.Bc4 Qh3+
30.Ke1 Ng8 31.Re5 Ngf6 32.Bb2 Rfd7 33.Bf1 Qh4 34.Be2 Qh2 35.Rf1 Nb4 36.Qc4 f3
37.Bxf3 Nd3+ 38.Qxd3 Qxe5+ 39.dxe5 Rxd3 40.exf6 Rxf3 41.fxg7+ Kg8 42.Ke2 Rfd3
43.Be5 Rd2+ 44.Ke3 Rd1  0-1

[Event "Havana op"]
[Site "Havana"]
[Date "1994.??.??"]
[Round "3"]
[White "Palao, Maricela"]
[Black "Yeo, Michael J"]
[Result "1-0"]
[WhiteElo "2155"]
[BlackElo "2225"]

1.d4 d5 2.c4 Nc6 3.Nf3 Bg4 4.e3 e5 5.dxe5 dxc4 6.Qxd8+ Rxd8 7.Bxc4 Nxe5 8.Be2 Nd3+
9.Bxd3 Rxd3 10.h3 Bxf3 11.gxf3 Nf6 12.Nc3 Bb4 13.Ke2 Rd7 14.Bd2 O-O 15.Rad1 Rfd8
16.e4 Nh5 17.Be3 Bd6 18.Rhg1 Kf8 19.Nd5 c6 20.Rg5 cxd5 21.Rxh5 dxe4 22.fxe4 b6
23.Rxh7 Be5 24.Rh8+ Ke7 25.Rxd8 Kxd8 26.Rxd7+ Kxd7 27.b3 Kc6 28.Kd3 g6 29.a4 a6
30.Kc4 b5+ 31.axb5+ axb5+ 32.Kd3 Bg7 33.f4 Bb2 34.Bd4 Bc1 35.Be5 Ba3 36.Bd4 Bc1
37.f5 gxf5 38.exf5 Kd5 39.Bg7 Bg5 40.Bc3 Bh4 41.Ke3 b4 42.Bb2 Be1 43.Bf6 Bg3
44.h4 Be5 45.Be7 Bc3 46.Kf4 Bd2+ 47.Kg4 Kd4 48.Bg5  1-0

[Event "JUG-chT2"]
[Site "?"]
[Date "1994.??.??"]
[Round "5"]
[White "Bakic, Rados"]
[Black "Zakic, Srdjan"]
[Result "1-0"]
[WhiteElo "2410"]
[BlackElo "2345"]

1.d4 d5 2.c4 Nc6 3.Nc3 dxc4 4.Nf3 Nf6 5.e4 Bg4 6.Be3 e6 7.Bxc4 Bb4 8.Qc2 O-O
9.O-O-O Bxc3 10.bxc3 Qe7 11.Bd3 e5 12.d5 Na5 13.Kb2 c6 14.Qa4 b6 15.c4 Rfc8
16.Rc1 Nb7 17.Qa3 c5 18.Qc3 Bxf3 19.gxf3 Nh5 20.Rhg1 f6 21.Bf1 Nd6 22.Bh3 Rc7
23.Bg4 Qe8 24.Ka1 a6 25.Rc2 b5 26.Qa5 Raa7 27.Qb6 Nxc4 28.Rxc4 bxc4 29.d6 Rcb7
30.Qxc5 Nf4 31.Qxc4+ Kf8 32.Bxa7 Rxa7 33.d7 Rxd7 34.Bxd7 Qxd7 35.Rc1 Qd2
36.Qc3 Qxf2 37.Qc5+ Qxc5 38.Rxc5 Ne6 39.Rc3 h5 40.Kb2 Ke7 41.Kb3 g5 42.Kb4 Kf7
43.Ka5 Kg6 44.Kxa6 g4 45.fxg4 hxg4 46.Kb6 Ng5 47.Rc4 Nf3 48.a4 Nxh2 49.a5 g3
50.Rc2  1-0

[Event "JUG-chT"]
[Site "JUG"]
[Date "1994.??.??"]
[Round "9"]
[White "Stanimirovic, Aleksandar"]
[Black "Miladinovic, Igor"]
[Result "1/2-1/2"]
[WhiteElo "2230"]
[BlackElo "2480"]

1.d4 d5 2.c4 Nc6 3.Nc3 e6 4.Nf3 Bb4 5.Bf4 dxc4 6.e3 Nf6 7.Bxc4 Nd5 8.Bxd5 exd5
9.Rc1 Bg4 10.O-O O-O 11.h3 Bh5 12.Na4 Bd6 13.Bxd6 Qxd6 14.Nc5 Rab8 15.Qa4 Bxf3
16.gxf3 b6 17.Ne4 Qg6+ 18.Ng3 Na5 19.Qc2 c6 20.Qxg6 fxg6 21.f4 Rf6 22.Kg2 Re8
23.h4 Nc4 24.b3 Nd2 25.Rfd1 Ne4 26.Nxe4 Rxe4 27.Rc2 Kf7 28.Rdc1 Ree6 29.b4 Ke7
30.Rc3 Kd8 31.b5 Kc7 32.a4 Kb7 33.Kg3 a6 34.Rb3 Rf7 35.Rcb1 cxb5 36.axb5 a5
37.Rh1 Rc7 38.h5 h6 39.hxg6 Rxg6+ 40.Kf3 Rf6 41.Rh5 g5 42.Kg4 gxf4 43.Rxd5 Rg7+
44.Kh5 fxe3  1/2-1/2

[Event "Kopavogur"]
[Site "Kopavogur"]
[Date "1994.??.??"]
[Round "?"]
[White "Thorsson, Olafur"]
[Black "Halldorsson, Gudmundur"]
[Result "0-1"]
[WhiteElo "2180"]
[BlackElo "2260"]

1.d4 d5 2.c4 Nc6 3.Nf3 Bg4 4.cxd5 Bxf3 5.dxc6 Bxc6 6.Nc3 e6 7.e4 Bb4 8.f3 f5
9.Bc4 fxe4 10.O-O exf3 11.Bxe6 Qh4 12.Rxf3 Bxf3 13.gxf3 Bd6 14.f4 Ne7 15.Qe2 Rf8
16.Ne4 Bxf4 17.Bxf4 Qxf4 18.Re1 c6 19.d5 Rd8 20.d6 Rxd6 21.Nxd6+ Qxd6 22.Qh5+ g6
23.Qxh7 Kd8 24.Bh3 Rf3 25.Qh8+ Kc7 26.Qh7 Qc5+ 27.Kh1 Re3 28.Rf1 Kb6 29.Bg2 Re2
30.Rf7 Qg5 31.Bf1 Re1 32.Qg7 Qd5+ 33.Kg1 Qc5+ 34.Kg2 Re5 35.h4 Qd5+ 36.Kg1 Qd4+
37.Kg2 Qg4+ 38.Kf2 Qxh4+  0-1

[Event "Las Palmas-B"]
[Site "Las Palmas"]
[Date "1994.??.??"]
[Round "1"]
[White "Brito, Alfredo"]
[Black "Miladinovic, Igor"]
[Result "0-1"]
[WhiteElo "2325"]
[BlackElo "2480"]

1.d4 d5 2.c4 Nc6 3.Nc3 e6 4.Nf3 Bb4 5.e3 Nf6 6.Bd3 O-O 7.O-O a6 8.a3 dxc4
9.Bxc4 Bd6 10.e4 e5 11.d5 Ne7 12.b4 Ng6 13.Ne1 b5 14.Bb3 a5 15.bxa5 Rxa5
16.Nd3 b4 17.Na4 bxa3 18.Bd2 Ra8 19.Nac5 Qe7 20.Qc2 Nd7 21.Rfc1 Nxc5 22.Nxc5 Nf4
23.Be3 Qg5 24.g3 Bg4 25.Qd2 Qh5 26.Bd1 Ne2+ 27.Bxe2 Bxe2 28.Ra2 Bf3 29.Qe1 Rfb8
30.h4 Qg4 31.Kh2 h6 32.Qf1 Ra5 33.Qh3 Qxh3+ 34.Kxh3 Rbb5  0-1

[Event "Las Palmas-B"]
[Site "Las Palmas"]
[Date "1994.??.??"]
[Round "6"]
[White "Kurajica, Bojan"]
[Black "Miladinovic, Igor"]
[Result "1/2-1/2"]
[WhiteElo "2565"]
[BlackElo "2480"]

1.d4 d5 2.c4 Nc6 3.Nc3 e5 4.cxd5 Nxd4 5.e3 Nf5 6.Nf3 f6 7.Bb5+ Bd7 8.Bxd7+ Qxd7
9.e4 Nd6 10.O-O g6 11.Qc2 Nh6 12.Bd2 Nhf7 13.Rac1 Be7 14.Be3 Nc4 15.Nd1 Nxe3
16.Nxe3 Nd6 17.Nd2 Rc8 18.Nb3 Qa4 19.Nd2 Qxc2 20.Rxc2 Kd7 21.Rfc1 c6 22.Kf1 cxd5
23.Nxd5 Rxc2 24.Rxc2 Rc8 25.Rxc8 Nxc8 26.Ke2 Bd8 27.Kd3 Nb6 28.Nc3 Kc6 29.b4 Be7
30.a3 Nd7 31.Nb3 b6 32.Nd5 Bf8 33.g4 a6 34.h4 Bh6 35.a4 Kd6 36.f3 Bf4 37.Kc4 h5
38.gxh5 gxh5 39.a5 b5+ 40.Kd3 Bg3 41.Ne3 Be1 42.Nf5+ Kc7 43.Nd2 Nf8 44.Ke2 Bxd2
45.Kxd2 Ng6 46.Ng7 Nxh4 47.Ke2 Ng6 48.Nxh5 Nf4+ 49.Nxf4 exf4 50.Kd3 Kd7 51.Kc3 Ke7
52.Kd3 Kd7  1/2-1/2

[Event "Ljubljana op"]
[Site "Ljubljana"]
[Date "1994.??.??"]
[Round "?"]
[White "Burmakin, Vladimir"]
[Black "Marinsek, Tomaz"]
[Result "1-0"]
[WhiteElo "2530"]
[BlackElo "2185"]

1.d4 d5 2.c4 Nc6 3.cxd5 Qxd5 4.e3 e5 5.Nc3 Bb4 6.Bd2 Bxc3 7.bxc3 exd4 8.cxd4 Nf6
9.Ne2 O-O 10.Nf4 Qd6 11.Be2 Ne4 12.O-O Nxd2 13.Qxd2 Bf5 14.Rfc1 Rfe8 15.Bb5 Bd7
16.Rab1 a5 17.Qc3 Rec8 18.a3 Nd8 19.h3 b6 20.Bxd7 Qxd7 21.d5 Nb7 22.Qc6 Qxc6
23.Rxc6 Nd6 24.Rbc1 Kf8 25.Nd3 Rd8 26.a4 Nf5 27.R6c3 Rd7 28.g4 Ne7 29.e4 c5
30.Ne5 Rb7 31.Rb1 Rab8 32.Nc4 Nc8 33.Rcb3 Re7 34.f3 Ke8 35.Rb5 Rc7 36.Kf2 Kd7
37.Ke3 Nd6 38.Nxd6 Kxd6 39.Rxb6+ Rxb6 40.Rxb6+ Kd7  1-0

[Event "Lloyds Bank op"]
[Site "London"]
[Date "1994.??.??"]
[Round "5"]
[White "Ward, Christopher"]
[Black "Duchovny, Eduard"]
[Result "0-1"]
[WhiteElo "2490"]
[BlackElo "2335"]

1.d4 d5 2.c4 Nc6 3.Nf3 Bg4 4.cxd5 Bxf3 5.dxc6 Bxc6 6.Nc3 Nf6 7.f3 e5 8.dxe5 Qxd1+
9.Kxd1 O-O-O+ 10.Kc2 Nd5 11.Nxd5 Rxd5 12.Bd2 Rxe5 13.Bc3 Rc5 14.e4 Be7 15.Re1 Rd8
16.Bd3 a5 17.a3 Ba4+ 18.Kd2 Bb5 19.Re3 Bg5 20.Ke2 Bxe3 21.Bxb5 Bd4 22.Bxd4 Rxd4
23.Bd3 a4 24.f4 f6 25.h4 Rd6 26.Rd1 Kd8 27.Ke3 Ke7 28.g4 h6 29.Rg1 Rb6 30.Rg2 Rb3
31.Rd2 Rc6 32.e5 fxe5 33.fxe5 Rcb6 34.Rc2 Rc6 35.Rf2 Rc1 36.g5 Rd1  0-1

[Event "Lloyds Bank op"]
[Site "London"]
[Date "1994.??.??"]
[Round "7"]
[White "Wells, Peter K"]
[Black "Duchovny, Eduard"]
[Result "1-0"]
[WhiteElo "2490"]
[BlackElo "2335"]

1.d4 d5 2.c4 Nc6 3.Nf3 Bg4 4.cxd5 Bxf3 5.gxf3 Qxd5 6.e3 e6 7.Nc3 Bb4 8.Bd2 Bxc3
9.bxc3 Nge7 10.Rb1 b6 11.c4 Qd6 12.f4 O-O 13.Bg2 Rad8 14.O-O Nf5 15.Bc3 a5
16.Qg4 Nce7 17.Rfc1 c5 18.d5 exd5 19.cxd5 Qh6 20.Be4 Nd6 21.Bg2 f5 22.Qg3 Ne4
23.Bxe4 fxe4 24.Rxb6 Nf5 25.Rxh6 Nxg3 26.hxg3 gxh6 27.Rd1 a4 28.f3 exf3 29.e4 h5
30.Kf2 h4 31.Kxf3 h3 32.e5 h2 33.d6 Rd7 34.Rh1 Rb8 35.Rxh2 Rb1 36.Rd2 Rc1
37.Ba5 Re1 38.Rd5  1-0

[Event "Madrid-B"]
[Site "Madrid"]
[Date "1994.??.??"]
[Round "9"]
[White "Elguezabal Varela, Daniel"]
[Black "Barez, Hector"]
[Result "1-0"]
[WhiteElo "2370"]
[BlackElo "2340"]

1.d4 d5 2.c4 Nc6 3.Nc3 Nf6 4.cxd5 Nxd5 5.Nf3 Bg4 6.e4 Nxc3 7.bxc3 e5 8.d5 Nb8
9.Qa4+ Nd7 10.Nxe5 Qf6 11.Be2 b5 12.Qxb5 Qxe5 13.Bxg4 Qxe4+ 14.Qe2 Qxe2+
15.Bxe2 Bd6 16.Rb1 O-O 17.O-O Rab8 18.Be3 Nc5 19.Bd4 Rb6 20.Rb4 Re8 21.Bb5 Rd8
22.Bc6 Ra6 23.Rb2 Rb6 24.Re2 f6 25.g3 Rdb8 26.Rc1 Nd3 27.Rd1 Nc5 28.Rdd2 Kf7
29.h4 Rb1+ 30.Kg2 R1b6 31.Kf3 Rb1 32.Kg2 R1b6 33.Re1 Rb2 34.Red1 Ne4 35.Rxb2 Rxb2
36.a4 Bxg3 37.Kf3 Nxf2 38.Rf1  1-0

[Event "Mar del Plata op"]
[Site "Mar del Plata"]
[Date "1994.??.??"]
[Round "8"]
[White "Piscicelli, Daniel"]
[Black "Bibiloni, Jorge Jaime"]
[Result "1-0"]
[WhiteElo "2340"]
[BlackElo "2245"]

1.d4 d5 2.c4 Nc6 3.Nf3 Bg4 4.cxd5 Bxf3 5.gxf3 Qxd5 6.e3 e6 7.Nc3 Qd7 8.Bg2 Nge7
9.f4 h5 10.Bd2 Rd8 11.Rc1 Nb4 12.Qe2 c6 13.Ne4 Na6 14.Ng5 Nb8 15.Bf3 h4 16.Bb4 Nd5
17.Bxf8 Kxf8 18.O-O Qe7 19.Kh1 Nd7 20.Rg1 N7f6 21.Rg2 Nc7 22.Rcg1 Nce8 23.Qc2 Rd7
24.Be2 Qd6 25.h3 Rc7 26.Rc1 b6 27.Qa4 a5 28.Bf3 c5 29.Qa3 Ke7 30.Rgg1 Rf8
31.dxc5 Rxc5 32.Rcd1 Qc7 33.Rd2 Nd6 34.b3 b5 35.Rgd1 b4 36.Qb2 Nb5 37.Ne4 Nc3
38.Nxc5 Nxd1 39.Qe5 Rc8 40.Bxd1 Qxc5 41.Rc2 Qxe5 42.fxe5 Ne4 43.Rxc8 Nxf2+
44.Kg2 Nxd1 45.Kf3 Nc3 46.a3 Kd7 47.Rc5 Nb1 48.Rxa5 bxa3 49.Ke2 Nc3+ 50.Kd3 Nd1
51.Rxa3 Nf2+ 52.Ke2 Nxh3 53.Ra4 f6 54.Ra7+ Kc6 55.Rxg7 fxe5 56.Kf1 Kd5 57.Kg2 Nf4+
58.exf4 exf4  1-0

[Event "Maromme op"]
[Site "Maromme"]
[Date "1994.??.??"]
[Round "?"]
[White "Grigore, George"]
[Black "Mevel, Alberic"]
[Result "1-0"]
[WhiteElo "2455"]
[BlackElo "2190"]

1.d4 d5 2.c4 Nc6 3.cxd5 Qxd5 4.Nf3 e5 5.Nc3 Bb4 6.e3 exd4 7.exd4 Bg4 8.Be2 Bxf3
9.Bxf3 Qc4 10.Be3 Nge7 11.Be2 Bxc3+ 12.Kf1 Qb4 13.bxc3 Qxc3 14.Rc1 Qa3 15.h4 Qd6
16.Qb3 O-O-O 17.Bf3 Nd5 18.Rc5 Nce7 19.Bc1 b6 20.Rc4 Kb8 21.g3 f5 22.Kg2 h5
23.Re1 f4 24.Re5 g6 25.Rc5 c6 26.Rexd5  1-0

[Event "Wch U20"]
[Site "Matinhos"]
[Date "1994.??.??"]
[Round "?"]
[White "Kumaran, Dharshan"]
[Black "Miladinovic, Igor"]
[Result "1-0"]
[WhiteElo "2465"]
[BlackElo "2480"]

1.d4 d5 2.c4 Nc6 3.Nf3 Bg4 4.Nc3 e6 5.Bg5 f6 6.Bh4 Bb4 7.e3 Nge7 8.cxd5 exd5
9.h3 Be6 10.Bg3 Nf5 11.Bh2 Bd6 12.Bb5 O-O 13.Bxc6 bxc6 14.O-O c5 15.dxc5 Bxc5
16.Na4 Bd6 17.Bxd6 Qxd6 18.Nd4 Rfb8 19.Nxe6 Qxe6 20.Rc1 c6 21.Qg4 g6 22.Nc5 Qf7
23.Nb3 Rb6 24.Qa4 Qb7 25.Nc5 Qe7 26.Rc2 Nd6 27.Nd3 Qb7 28.Qf4 Qe7 29.Rfc1 Nc4
30.b3 Ne5 31.Nxe5 fxe5 32.Qa4 Rf8 33.Rxc6 Qf7 34.R6c2 Rd6 35.Qh4 d4 36.Rc7 Rd7
37.Rxd7 Qxd7 38.exd4 exd4 39.Re1 h5 40.Qe4 Kg7 41.Qe5+ Kh7 42.Rc1 Rf7 43.Rd1 d3
44.Qe3 Re7 45.Rxd3 Qe8 46.Qd4 Qc6 47.Rc3 Qa6 48.Qd8 Qf6 49.Qd2 Qf5 50.Rd3 Rf7
51.Rd8 Rg7 52.h4 a6 53.g3 Qb1+ 54.Kh2 Qf5 55.Qd4 Qe6 56.Kg2 Qe7 57.Rb8 Rg8
58.Rxg8 Qb7+ 59.Kh2 Kxg8 60.b4 Qc6 61.Qd1 Kh7 62.Qb3 Qf6 63.Kg1 Qe7 64.Qc4 Qd6
65.Kg2  1-0

[Event "Wch U20"]
[Site "Matinhos"]
[Date "1994.??.??"]
[Round "?"]
[White "Pedersen, Steffen"]
[Black "Miladinovic, Igor"]
[Result "1-0"]
[WhiteElo "2420"]
[BlackElo "2480"]

1.d4 d5 2.c4 Nc6 3.Nc3 e6 4.Nf3 Bb4 5.e3 Nf6 6.Qc2 O-O 7.Bd3 dxc4 8.Bxc4 Qe7
9.a3 Bd6 10.e4 e5 11.d5 Nd4 12.Qd3 Bg4 13.Nxd4 exd4 14.Qxd4 Be5 15.Qe3 Bxc3+
16.bxc3 Qxe4 17.Qxe4 Nxe4 18.f3 Nd6 19.Be2 Bf5 20.c4 Rfe8 21.Kf2 b6 22.Bf4 Re7
23.Rhe1 Rae8 24.Bf1 Kf8 25.Rxe7 Kxe7 26.c5 bxc5 27.Be3 Rb8 28.Bxc5 Rb2+ 29.Ke1 a5
30.Bd4 Rb3 31.Bxg7 Bd3 32.Be2 Nf5 33.Be5 Bxe2 34.g4 Bc4  1-0

[Event "Wch U20"]
[Site "Matinhos"]
[Date "1994.??.??"]
[Round "?"]
[White "Sergejev, Roman"]
[Black "Miladinovic, Igor"]
[Result "0-1"]
[WhiteElo "2310"]
[BlackElo "2480"]

1.d4 d5 2.c4 Nc6 3.e3 e6 4.Nf3 Nf6 5.Nbd2 Be7 6.a3 O-O 7.b3 b6 8.Bd3 Bb7
9.O-O Nb8 10.Qc2 Nbd7 11.Bb2 c5 12.Rad1 cxd4 13.Nxd4 Rc8 14.Qb1 Qc7 15.Rc1 Qb8
16.cxd5 Bxd5 17.Ba6 Rxc1 18.Rxc1 Nc5 19.Bc4 Ng4 20.N4f3 Qb7 21.Qc2 Bf6 22.Bxf6 Nxf6
23.b4 Nce4 24.Bxd5 Qxd5 25.Nxe4 Nxe4 26.Qc4 Qxc4 27.Rxc4 Nd6 28.Rd4 Rd8 29.Ne5 Kf8
30.Nc6 Rd7 31.Nxa7 Rc7 32.g4 Ke7 33.Rxd6 Rc1+ 34.Kg2 Kxd6 35.Nb5+ Kc6 36.Nd4+ Kd5
37.a4 Rc4 38.a5 Rxb4 39.axb6 Rxb6 40.Kf3 g5 41.Kg3 Rb2 42.Nf3 h6 43.h4 f6
44.hxg5 hxg5 45.Nd4 Rb4 46.Nf3 Ke4 47.Nd2+ Kd3 48.Nf3 Ra4 49.Nh2 Ke2 50.Nf3 e5
51.Ng1+ Kf1 52.Nf3 Ra2 53.Nh2+ Kg1 54.Nf3+ Kh1 55.Nxe5 fxe5 56.f4 exf4+ 57.exf4 Ra3+  0-1

[Event "Moravka opJ"]
[Site "?"]
[Date "1994.??.??"]
[Round "7"]
[White "Pastor, Karel Jr"]
[Black "Sarakauskas, Gediminas"]
[Result "1-0"]
[WhiteElo "2215"]
[BlackElo "2105"]

1.d4 d5 2.c4 Nc6 3.Nf3 Bg4 4.e3 e5 5.Be2 dxc4 6.d5 Nb4 7.e4 Bxf3 8.gxf3 Nd3+
9.Bxd3 cxd3 10.Qxd3 Qd7 11.Nc3 Bc5 12.Be3 Bb6 13.a4 Ne7 14.Qb5 Bxe3 15.fxe3 a6
16.Qxd7+ Kxd7 17.Ke2 h5 18.Rhg1 Rag8 19.f4 f6 20.fxe5 fxe5 21.Rg5 Rh6 22.a5 Rf6
23.Rf1 h4 24.Nb1 Rgf8 25.Nd2 c6 26.dxc6+ Nxc6 27.Rxg7+ Kc8 28.Rxf6 Rxf6 29.Nc4 Rh6
30.Rg5 Kc7 31.Nxe5 Nxe5 32.Rxe5 Rc6 33.Kd3 Rg6 34.Rh5 Rg2 35.Rxh4 Rxb2 36.Rh7+ Kc6
37.Rh6+ Kb5  1-0

[Event "Moscow ol (Men)"]
[Site "Moscow"]
[Date "1994.??.??"]
[Round "8"]
[White "Brestian, Egon"]
[Black "Castro Rojas, Oscar Humberto"]
[Result "1-0"]
[WhiteElo "2445"]
[BlackElo "2405"]

1.d4 d5 2.c4 Nc6 3.e3 e5 4.cxd5 Qxd5 5.Nc3 Bb4 6.a3 Bxc3+ 7.bxc3 Nf6 8.c4 Qe4
9.d5 Ne7 10.Nf3 Ng6 11.h3 Qf5 12.g4 Qd7 13.Bb2 Qe7 14.Be2 h5 15.g5 Ne4 16.h4 Bf5
17.Bd3 Nxf2 18.Kxf2 Bxd3 19.Qxd3 e4 20.Qb3 exf3 21.Qa4+ c6 22.Bxg7 Rg8 23.Bf6 Qe4
24.dxc6 bxc6 25.Rad1 Rb8 26.Qb3 Rc8 27.Rd4 Qe6 28.Qd3  1-0

[Event "Moscow ol (Men)"]
[Site "Moscow"]
[Date "1994.??.??"]
[Round "9"]
[White "Sakaev, Konstantin"]
[Black "Miladinovic, Igor"]
[Result "1/2-1/2"]
[WhiteElo "2555"]
[BlackElo "2500"]

1.d4 d5 2.c4 Nc6 3.Nc3 e6 4.Nf3 Bb4 5.e3 Nf6 6.Bd3 O-O 7.O-O dxc4 8.Bxc4 a6
9.Qc2 Bd6 10.Rd1 Qe7 11.a3 h6 12.h3 e5 13.b4 Bd7 14.Bb2 Rae8 15.b5 axb5 16.Nxb5 e4
17.Nd2 Na5 18.a4 Bb4 19.d5 Bf5 20.Nb3 Nxc4 21.Qxc4 Rc8 22.Bxf6 gxf6 23.d6 Bxd6
24.Nxd6 cxd6 25.Qb4 Rfd8 26.Nd4 Rc5 27.Nxf5 Rxf5 28.Rd4 Re5 29.Rad1 Kg7 30.Rb1 Rd7
31.Rbd1 h5 32.h4 Kg6  1/2-1/2

[Event "Moscow ol (Men)"]
[Site "Moscow"]
[Date "1994.??.??"]
[Round "10"]
[White "Barus, Cerdas"]
[Black "Da Silva, Reinaldo SB"]
[Result "1/2-1/2"]
[WhiteElo "2405"]
[BlackElo "2395"]

1.d4 d5 2.c4 Nc6 3.Nf3 e5 4.cxd5 Qxd5 5.Nc3 Bb4 6.Nxe5 Qxd4 7.Qxd4 Nxd4 8.Kd1 Nf6
9.f3 O-O 10.Nd3 Be7 11.e4 Rd8 12.Be3 c5 13.Bxd4 Rxd4 14.Kc2 Be6 15.Be2 a6
16.Rhd1 Rad8 17.Nf4 Rxd1 18.Rxd1 Rxd1 19.Bxd1 Bd7 20.e5 Ne8 21.Be2 Bd8 22.Nfd5 b5
23.f4 Nc7 24.Nxc7 Bxc7 25.Bf3 Bb6 26.Bb7 a5 27.Ba6 Bc6 28.Bxb5 Bxg2 29.Bc4 Kf8
30.Kd2 Bd8 31.Bd5 Bf1 32.Ne4 Be7 33.Ke3 Bb5 34.a3 Bd7 35.Kd3 Bb5+ 36.Kc3 Bf1
37.a4 Bh3 38.Kd3 Bc8 39.Ke3 Bf5 40.Nd2 f6 41.Be4 Be6 42.f5 Bc8 43.Nc4 Bd8
44.Nd6 Ba6 45.Bd3 Bxd3 46.Kxd3 Bc7 47.Nc4 fxe5 48.Ke4 Kf7 49.Nxe5+ Kf6 50.Nf3 Bb8
51.h3 Bg3 52.Nd2 Kg5 53.Nf3+ Kf6  1/2-1/2

[Event "Munich SKA"]
[Site "Munich"]
[Date "1994.??.??"]
[Round "7"]
[White "Van der Sterren, Paul"]
[Black "Lobron, Eric"]
[Result "1-0"]
[WhiteElo "2605"]
[BlackElo "2570"]

1.d4 d5 2.c4 Nc6 3.Nc3 dxc4 4.Nf3 Nf6 5.e4 Bg4 6.Be3 e6 7.Bxc4 Bb4 8.Qc2 O-O
9.Rd1 Bxf3 10.gxf3 Nh5 11.e5 Ne7 12.O-O Nf5 13.Kh1 Qh4 14.Rg1 Rad8 15.Ne4 Be7
16.Rg4 Qh3 17.Nd2 c5 18.Bf1 Nhg3+ 19.Rxg3 Nxg3+ 20.fxg3 Qh5 21.g4 Qh4 22.dxc5 h5
23.Qe4 hxg4 24.fxg4 f5 25.exf6 Rxf6 26.Be2 Qh3 27.g5 Rff8 28.Bg4 Rxd2 29.Bxh3  1-0

[Event "New York MCC"]
[Site "New York"]
[Date "1994.??.??"]
[Round "8"]
[White "Arnett, David A"]
[Black "Leveille, Francois"]
[Result "0-1"]
[WhiteElo "2350"]
[BlackElo "2370"]

1.d4 d5 2.c4 Nc6 3.Nc3 Nf6 4.cxd5 Nxd5 5.e4 Nxc3 6.bxc3 e5 7.d5 Nb8 8.Be3 a6
9.Qb3 Nd7 10.Nf3 Bd6 11.h3 O-O 12.g3 Nc5 13.Bxc5 Bxc5 14.Nxe5 Qe8 15.f4 f6
16.Qc4 fxe5 17.Qxc5 exf4 18.Qd4 fxg3 19.O-O-O Rf2 20.Rg1 Qf8 21.d6 Qf4+ 22.Kb1 cxd6
23.Bc4+ Kh8 24.Qxd6 Qxe4+ 25.Bd3 Qe6 26.Qd8+ Qg8 27.Qxg8+ Kxg8 28.Rxg3 Be6
29.a3 Raf8 30.Re1 Bf5 31.Bxf5 R8xf5 32.Re7 Rf7 33.Rge3 g6 34.Re8+ Kg7 35.R3e7 Rxe7
36.Rxe7+ Rf7 37.Re3 Kh6 38.Kc2 Kg5 39.Kb3 Kf4 40.Rd3 g5 41.Kb4 h5 42.Rd1 Kg3
43.Rg1+ Kh4 44.c4 Rg7 45.Kc5 Kxh3 46.Kb6 h4  0-1